000 00566nam a2200229Ia 4500
003 OSt
005 20220928104731.0
006 a|||||r|||| 00| 0
007 ta
008 220927b |||||||| |||| 00| 0 eng d
024 _a47950
037 _cTextual
040 _aSDCL
_cSDCL
_beng
041 _2eng
_aeng
082 _aR3xC, H9
100 _aRoss David
_9411735
245 0 _aAristototle.
260 _aNew Feter Lane
_bMethune & Co.
_c1923
300 _a300p
_ccm.
942 _hR3xC, H9
_cTEXL
_2CC
999 _c727446
_d727446